Описание и изъяснение фейерверка и иллуминации, при благополучном и всерадостном прибытии в Москву ея величества всепресветлейшия, державнейшия и непобедимыя государыни императрицы Елисаветы Петровны, самодержицы всероссийския и прочая, и прочая, и прочая. (Запись № 9699792)
[ простой вид ]
| 000 -МАРКЕР | |
|---|---|
| контрольное поле | 03852nam0a22004931 4500 |
| 001 - ИДЕНТИФИКАТОР ЗАПИСИ | |
| контрольное поле | RU\NLR\A1\26159 |
| 005 - ИДЕНТИФИКАТОР ВЕРСИИ | |
| контрольное поле | 20260407090950.0 |
| 035 ## - ДРУГИЕ СИСТЕМНЫЕ НОМЕРА | |
| Идентификатор записи | (NLR Aleph) 009680478 |
| 100 ## - ДАННЫЕ ОБЩЕЙ ОБРАБОТКИ | |
| Данные общей обработки | 19990819d1748 m y0rusy50 ca |
| 101 2# - ЯЗЫК РЕСУРСА | |
| Язык текста, звукозаписи и т.д. | русский |
| -- | немецкий |
| 102 ## - СТРАНА ПУБЛИКАЦИИ ИЛИ ПРОИЗВОДСТВА | |
| Страна публикации | Российская Федерация |
| 135 ## - ПОЛЕ КОДИРОВАННЫХ ДАННЫХ: ЭЛЕКТРОННЫЕ РЕСУРСЫ | |
| Кодированные данные для электронного ресурса | crcn 024anaba |
| 140 ## - ПОЛЕ КОДИРОВАННЫХ ДАННЫХ: СТАРОПЕЧАТНЫЕ ИЗДАНИЯ - ОБЩАЯ ИНФОРМАЦИЯ | |
| Кодированные данные о старопечатном издании - Основные | y y zz yaa0000 |
| 200 1# - ЗАГЛАВИЕ И СВЕДЕНИЯ ОБ ОТВЕТСТВЕННОСТИ | |
| Основное заглавие | Описание и изъяснение фейерверка и иллуминации, при благополучном и всерадостном прибытии в Москву ея величества всепресветлейшия, державнейшия и непобедимыя государыни императрицы Елисаветы Петровны, самодержицы всероссийския и прочая, и прочая, и прочая. |
| Сведения, относящиеся к заглавию | В новой 1749 год пред императорским Летним дворцом представленных |
| Параллельное заглавие | Beschreibung und Erklärung de Feuerwercks und der Illumination welche in Moskau nach glücklicher und höchsterfreulicher Ankunfft Ihro Majestät der allerdurchlauchtigsten, grobmächtigsten und unüberwindlichsten Kayserin Elisabeth Petrowna, Selbstherrscherin aller Reußen &c. &c. &c. |
| Сведения, относящиеся к заглавию | am Neu-Jahrs-Abend 1749. auf dem Kayserl. Schlob-Platz aufgeführet worden |
| Язык параллельного заглавия | немецкий |
| 210 ## - ПУБЛИКАЦИЯ, РАСПРОСТРАНЕНИЕ И ДР. | |
| Место издания, распространения и т.д. | Печатано в Санктпетербурге |
| Имя издателя, распространителя и т. д. | при Императорской Академии наук |
| Дата издания, распространения и т.д. | [1748] |
| 215 ## - ФИЗИЧЕСКАЯ ХАРАКТЕРИСТИКА | |
| Специфическое обозначение материала и объем | [6] с., [1] л. ил. |
| Размеры | 2° |
| 300 ## - ОБЩИЕ ПРИМЕЧАНИЯ | |
| Текст примечания | Загл. и текст парал. на рус. и нем. яз. |
| 300 ## - ОБЩИЕ ПРИМЕЧАНИЯ | |
| Текст примечания | Издано в конце 1748 г. |
| 300 ## - ОБЩИЕ ПРИМЕЧАНИЯ | |
| Текст примечания | Тираж 625 экз. |
| 316 ## - ПРИМЕЧАНИЯ ОБ ОСОБЕННОСТЯХ ЭКЗЕМПЛЯРА | |
| Текст примечания | Экз. РНБ (18.330.7) в сост. картон. пер., оклеен. зеленой с рисунком бумагой, с зеленовым ледериновым корешком и уголками. На нижней крышке пер. экслибрис РНБ с шифром. Экз. рестарирован методом налива бумаж. массы. Экз. деф.: отсутствует ил. Размер: 37,8х24,4х0,4 см |
| Организация и экземпляр, к которому относится поле | NLR: 18.330.7 |
| 321 1# - ПРИМЕЧАНИЯ ОБ ОТДЕЛЬНО ИЗДАННЫХ УКАЗАТЕЛЯХ / РЕФЕРАТАХ / ССЫЛКАХ, ОТРАЖАЮЩИХ КАТАЛОГИЗИРУЕМЫЙ ДОКУМЕНТ | |
| Примечания об указателях, рефератах, ссылках | СК XVIII 8483 |
| 321 1# - ПРИМЕЧАНИЯ ОБ ОТДЕЛЬНО ИЗДАННЫХ УКАЗАТЕЛЯХ / РЕФЕРАТАХ / ССЫЛКАХ, ОТРАЖАЮЩИХ КАТАЛОГИЗИРУЕМЫЙ ДОКУМЕНТ | |
| Примечания об указателях, рефератах, ссылках | Тюличев. Материалы о некоторых изданиях... С.215 |
| 325 ## - ПРИМЕЧАНИЕ О КОПИИ | |
| Текст примечания | Копия доступна в Электрон. б-ке РНБ |
| 510 1# - ПАРАЛЛЕЛЬНОЕ ЗАГЛАВИЕ | |
| Параллельное заглавие | Beschreibung und Erklärung de Feuerwercks und der Illumination welche in Moskau nach glücklicher und höchsterfreulicher Ankunfft Ihro Majestät der allerdurchlauchtigsten, grobmächtigsten und unüberwindlichsten Kayserin Elisabeth Petrowna, Selbstherrscherin aller Reußen &c. &c. &c. |
| Язык заглавия | немецкий |
| 620 ## - МЕСТО И ДАТА ПУБЛИКАЦИИ, ИСПОЛНЕНИЯ И Т. Д. | |
| Город | Санкт-Петербург |
| 700 #1 - ИМЯ ЛИЦА - ПЕРВИЧНАЯ ОТВЕТСТВЕННОСТЬ | |
| Код отношения | Автор |
| Графика поля | Кириллица |
| Материалы, к которым относится поле | rus |
| Начальный элемент ввода | Штелин |
| Часть имени, кроме начального элемента ввода | Я. Я. |
| Даты | 1709-1785 |
| Расширение инициалов личного имени | Яков Яковлевич |
| Системный номер авторитетной/нормативной записи | 97984 |
| Идентификатор авторитетной/нормативной записи | RU\NLR\AUTH\77115059 |
| 702 #0 - ИМЯ ЛИЦА - ВТОРИЧНАЯ ОТВЕТСТВЕННОСТЬ | |
| Код отношения | Объект чествования |
| Графика поля | Кириллица |
| Материалы, к которым относится поле | rus |
| Начальный элемент ввода | Елизавета Петровна |
| Дополнения к именам, кроме дат | императрица российская |
| Даты | 1709-1762 |
| Системный номер авторитетной/нормативной записи | 118551 |
| Идентификатор авторитетной/нормативной записи | RU\NLR\AUTH\778655 |
| 712 02 - НАИМЕНОВАНИЕ ОРГАНИЗАЦИИ - ВТОРИЧНАЯ ОТВЕТСТВЕННОСТЬ | |
| Код отношения | Печатник (типограф) |
| Начальный элемент ввода | Академическая типография |
| Идентифицирующий признак | Петербург |
| Системный номер авторитетной/нормативной записи | 303965 |
| Идентификатор авторитетной/нормативной записи | RU\NLR\AUTH\8815379 |
| 790 #0 - ИМЯ ЛИЦА - АЛЬТЕРНАТИВНАЯ ФОРМА | |
| Связь между полями | z01702 |
| Начальный элемент ввода | Елиcавета Петровна |
| 801 #0 - ИСТОЧНИК ЗАПИСИ | |
| Страна | Российская Федерация |
| Организация | NLR |
| Дата составления | 19990819 |
| 852 ## - МЕСТОНАХОЖДЕНИЕ И ШИФР ХРАНЕНИЯ | |
| Идентификатор организации | NLR |
| Шифр хранения (Call Number) | 18.330.7 |
| 856 #0 - МЕСТОНАХОЖДЕНИЕ ЭЛЕКТРОННЫХ РЕСУРОВ И ДОСТУП К НИМ | |
| Универсальный идентификатор ресурса (Uniform Resource Identifier) | http://vivaldi.nlr.ru/bx000074912/view |
| 856 #1 - МЕСТОНАХОЖДЕНИЕ ЭЛЕКТРОННЫХ РЕСУРОВ И ДОСТУП К НИМ | |
| Универсальный идентификатор ресурса (Uniform Resource Identifier) | http://vivaldi.nlr.ru/bx000074912/cover |
| 856 #2 - МЕСТОНАХОЖДЕНИЕ ЭЛЕКТРОННЫХ РЕСУРОВ И ДОСТУП К НИМ | |
| Универсальный идентификатор ресурса (Uniform Resource Identifier) | http://vivaldi.nlr.ru/bx000074912/text |
| 899 ## - ДАННЫЕ О МЕСТОНАХОЖДЕНИИ (устаревшее) | |
| Местонахождение | БАН |
| 942 ## - ДОПОЛНИТЕЛЬНЫЕ ЭЛЕМЕНТЫ ЗАПИСИ (АБИС) | |
| Тип экземпляра АБИС | Книга |
| 980 ## - КОЛЛЕКЦИЯ | |
| Название коллекции | Национальная библиография |
| 980 ## - КОЛЛЕКЦИЯ | |
| Название коллекции | Русская книга гражданской печати XVIII в. в библиотеках РФ |
| 981 22 - КОЛЛЕКЦИЯ ЭЛЕКТРОННОЙ БИБЛИОТЕКИ | |
| Название коллекции | Материалы по истории России |
| Название подколлекции | 2.03.1. Российский императорский дом |
| 981 20 - КОЛЛЕКЦИЯ ЭЛЕКТРОННОЙ БИБЛИОТЕКИ | |
| Название коллекции | Книжные памятники РНБ |
| Название подколлекции | Русский книжный фонд |
Нет доступных экземпляров.